00416nam a2200145 a 4500008004100000020001500041050001400056100002300070245006600093260003900159300001500198350000900213650002700222700002100249120416s1985 ||||||||||||||||| || u a0866564780 aZ 678 Exc aGeorgi, Charlottee10aExcellence in library managementcedited by Charlottee Georgi aNew York:bThe Haworth Pressc1985 axxii, 71p. a0.00 aLibrary administration aBellanti, Ronert